| 000 | 01266nam a2200313Ia 4500 | ||
|---|---|---|---|
| 001 | ebr10064630 | ||
| 003 | CaPaEBR | ||
| 006 | m u | ||
| 007 | cr cn||||||||| | ||
| 008 | 990203s2000 enka sb 001 0 eng d | ||
| 010 | _z 99010964 | ||
| 020 | _z0521641012 | ||
| 040 |
_aCaPaEBR _cCaPaEBR |
||
| 035 | _a(OCoLC)51240545 | ||
| 050 | 1 | 4 |
_aRC641.7.A6 _bA656 2000eb |
| 082 | 0 | 4 |
_a616.1/52 _221 |
| 245 | 0 | 0 |
_aAplastic anemia _h[electronic resource] : _bpathophysiology and treatment / _cedited by Hubert Schrezenmeier and Andrea Bacigalupo. |
| 260 |
_aCambridge, UK ; _aNew York, NY ; _aCambridge, UK : _bCambridge University Press, _c2000. |
||
| 300 |
_axii, 391 p. : _bill. |
||
| 504 | _aIncludes bibliographical references and index. | ||
| 533 |
_aElectronic reproduction. _bPalo Alto, Calif. : _cebrary, _d2009. _nAvailable via World Wide Web. _nAccess may be limited to ebrary affiliated libraries. |
||
| 650 | 0 | _aAplastic anemia. | |
| 650 | 0 |
_aBone marrow _xDiseases. |
|
| 655 | 7 |
_aElectronic books. _2local |
|
| 700 | 1 |
_aSchrezenmeier, H. _q(Hubert) |
|
| 700 | 1 | _aBacigalupo, A. | |
| 710 | 2 | _aebrary, Inc. | |
| 856 | 4 | 0 |
_uhttp://site.ebrary.com/lib/rucke/Doc?id=10064630 _zAn electronic book accessible through the World Wide Web; click to view |
| 999 |
_c159801 _d159801 |
||